| 000 | 00514nam a22001697a 4500 | ||
|---|---|---|---|
| 999 |
_c9136 _d9136 |
||
| 008 | 210325b ||||| |||| 00| 0 eng d | ||
| 040 | _aBMS College of Architecture | ||
| 100 | _aB, S, Karunyashree | ||
| 245 | _aArt beyond vision Mahabalipuram | ||
| 300 | _a36p. | ||
| 500 | _a1BM05AT014 | ||
| 502 |
_8B.Arch _NBMS College of Architecture, Visvesvaraya Technological University _aProject report _d2010 |
||
| 650 | _aMahabalipuram | ||
| 700 |
_aK Manjula _eGuide |
||
| 700 |
_aPushpa D _eGuide |
||
| 942 |
_2ddc _cTHE |
||